000 00903nam a2200289 a 4500
999 _c447504
_d447504
003 BLK
005 20230628122543.0
008 180411b bul|||||r ||||||| ||bul||
040 _aBLK
041 _aBUL
_cBUL
080 _aИзобразителни изкуства и художествени занаяти
_b73/76
_x(497.215)(062)
_z73/76(497.215)(062)
100 _aСтефанов, Васил
_9412546
139 _aСтефанов, Васил
_bС 75
245 1 0 _aВасил Стефанов
_h[Малотир. изд.]
257 _aBGR
260 _aРусе
_cб. г.
300 _a1 л.
_bс ил.
_c19x39 см
380 _a7
651 4 _aРусе
_9179462
653 7 _aизложби
_9187384
653 7 _aживопис
_9186627
852 _aК 7/С 75
_bК
856 4 _qpdf
856 4 _qpdf
942 _cKNG
_n0
_s1
_01
944 _aCR
_c2022-03-08
_l2022-03-08
_kК.Д.